Députés du Nouveau Front Populaire (NFP) - Statistiques

Statistiques générales
  • Ce quiz a été pris 245 fois
    20 depuis la dernière actualisation
  • Le résultat moyen est 52 sur 192
Statistiques - réponses
Groupe Député-e Circonscription % Correct
SOC Olivier Faure 11e Seine-et-Marne
100%
SOC Aurélien Rousseau 7e Yvelines
94%
ECO Sandrine Rousseau 9e Paris
94%
LFI Mathilde Panot 10e Val-de-Marne
88%
SOC Boris Vallaud 3e Landes
82%
SOC François Hollande 1re Corrèze
82%
LFI Sébastien Delogu 7e Bouches-du-Rhône
82%
LFI Antoine Léaument 10e Essonne
76%
LFI Aymeric Caron 18e Paris
76%
LFI Clémence Guetté 2e Val-de-Marne
76%
ECO François Ruffin 1re Somme
76%
ECO Alexis Corbière 7e Seine-Saint-Denis
71%
LFI Manuel Bompard 4e Bouches-du-Rhône
71%
LFI Danièle Obono 17e Paris
65%
LFI David Guiraud 8e Nord
65%
LFI Éric Coquerel 1re Seine-Saint-Denis
65%
LFI Paul Vannier 5e Val-d'Oise
65%
LFI Raphaël Arnault 1re Vaucluse
65%
LFI Sophia Chikirou 6e Paris
65%
ECO Clémentine Autain 11e Seine-Saint-Denis
59%
LFI Louis Boyard 3e Val-de-Marne
59%
LFI Nadège Abomangoli 10e Seine-Saint-Denis
59%
GDR Stéphane Peu 2e Seine-Saint-Denis
59%
LFI Ugo Bernalicis 2e Nord
59%
LFI Alma Dufour 4e Seine-Maritime
53%
LFI Aurélien Le Coq 1re Nord
53%
LFI François Piquemal 4e Haute-Garonne
53%
GDR Jean-Paul Lecoq 8e Seine-Maritime
53%
LFI Marie Mesmeur 1re Ille-et-Vilaine
53%
LFI Aurélie Trouvé 9e Seine-Saint-Denis
47%
LFI Damien Maudet 1re Haute-Vienne
47%
SOC Fabrice Roussel 5e Loire-Atlantique
47%
LFI Hadrien Clouet 1re Haute-Garonne
47%
SOC Jérôme Guedj 6e Essonne
47%
SOC Philippe Brun 4e Eure
47%
LFI Pierre-Yves Cadalen 2e Finistère
47%
LFI Andy Kerbrat 2e Loire-Atlantique
41%
LFI Aurélien Saintoul 11e Hauts-de-Seine
41%
ECO Cyrielle Chatelain 2e Isère
41%
LFI Élisa Martin 3e Isère
41%
SOC Emmanuel Grégoire 7e Paris
41%
LFI Rodrigo Arenas 10e Paris
41%
LFI Sarah Legrain 16e Paris
41%
LFI Thomas Portes 3e Seine-Saint-Denis
41%
GDR Yannick Monnet 1re Allier
41%
ECO Benjamin Lucas-Lundy 8e Yvelines
35%
ECO Delphine Batho 2e Deux-Sèvres
35%
ECO Eva Sas 8e Paris
35%
ECO Hendrik Davi 5e Bouches-du-Rhône
35%
LFI Loïc Prud'homme 3e Gironde
35%
ECO Marie-Charlotte Garin 3e Rhône
35%
LFI Nathalie Oziol 2e Hérault
35%
SOC Paul Christophle 1re Drôme
35%
ECO Sébastien Peytavie 4e Dordogne
35%
LFI Aly Diouara 5e Seine-Saint-Denis
29%
SOC Arthur Delaporte 2e Calvados
29%
LFI Aurélien Taché 10e Val-d'Oise
29%
LFI Bastien Lachaud 6e Seine-Saint-Denis
29%
LFI Carlos Martens Bilongo 8e Val-d'Oise
29%
ECO Catherine Hervieu 2e Côte-d'Or
29%
LFI Claire Lejeune 7e Essonne
29%
SOC Dieynaba Diop 9e Yvelines
29%
GDR Elsa Faucillon 1re Hauts-de-Seine
29%
LFI Farida Amrani 1re Essonne
29%
LFI Gabriel Amard 6e Rhône
29%
LFI Jean-François Coulomme 4e Savoie
29%
ECO Jérémie Iordanoff 5e Isère
29%
LFI Manon Meunier 3e Haute-Vienne
29%
LFI Marianne Maximi 1re Puy-de-Dôme
29%
LFI Matthias Tavel 8e Loire-Atlantique
29%
GDR Nicolas Sansu 2e Cher
29%
LFI René Pilato 1re Charente
29%
ECO Sandra Regol 1re Bas-Rhin
29%
LFI Ségolène Amiot 3e Loire-Atlantique
29%
LFI Anaïs Belouassa-Cherifi Rhône
24%
LFI Andrée Taurinya 2e Loire
24%
LFI Arnaud Saint-Martin 1re Seine-et-Marne
24%
SOC Arnaud Simion 6e Haute-Garonne
24%
LFI Bérenger Cernon 8e Essonne
24%
SOC Claudia Rouaux 3e Ille-et-Vilaine
24%
SOC Colette Capdevielle 5e Pyrénées-Atlantiques
24%
ECO Dominique Voynet 2e Doubs
24%
LFI Élise Leboucher 4e Sarthe
24%
GDR Émeline K/Bidi 4e Réunion
24%
LFI Ersilia Soudais 7e Seine-et-Marne
24%
SOC Fatiha Keloua Hachi 8e Seine-Saint-Denis
24%
LFI Gabrielle Cathala 6e Val-d'Oise
24%
SOC Hervé Saulignac 1re Ardèche
24%
SOC Inaki Echaniz 4e Pyrénées-Atlantiques
24%
LFI Jean-Philippe Nilor 4e Martinique
24%
GDR Jean-Victor Castor 1re Guyane
24%
LFI Jérôme Legavre 12e Seine-Saint-Denis
24%
LFI Mathilde Hignet 4e Ille-et-Vilaine
24%
LFI Murielle Lepvraud 4e Côtes-d'Armor
24%
SOC Sandrine Runel 4e Rhône
24%
ECO Tristan Lahais 2e Ille-et-Vilaine
24%
LFI Abdelkader Lahmar 7e Rhône
18%
SOC Anna Pic 4e Manche
18%
LFI Arnaud Le Gall 9e Val-d'Oise
18%
SOC Ayda Hadizadeh 2e Val-d'Oise
18%
SOC Céline Thiébault-Martinez 9e Seine-et-Marne
18%
ECO Christine Arrighi 9e Haute-Garonne
18%
LFI Christophe Bex 7e Haute-Garonne
18%
ECO Danielle Simonnet 15e Paris
18%
LFI Emmanuel Fernandes 2e Bas-Rhin
18%
GDR Emmanuel Tjibaou 2e Nouvelle-Calédonie
18%
SOC Gérard Leseul 5e Seine-Maritime
18%
ECO Jean-Claude Raux 6e Loire-Atlantique
18%
LFI Jean-Hugues Ratenon 5e Réunion
18%
LFI Karen Erodi 2e Tarn
18%
SOC Marc Pena 11e Bouches-du-Rhône
18%
SOC Mélanie Thomin 6e Finistère
18%
SOC Mickaël Bouloux 8e Ille-et-Vilaine
18%
SOC Roger Vicot 11e Nord
18%
SOC Romain Eskenazi 7e Val-d'Oise
18%
ECO Sophie Taillé-Polian 11e Val-de-Marne
18%
LFI Sylvain Carrière 8e Hérault
18%
LFI Sylvie Ferrer 1re Hautes-Pyrénées
18%
LFI Zahia Hamdane 2e Somme
18%
SOC Alain David 4e Gironde
12%
LFI Anne Stambach-Terrenoir 2e Haute-Garonne
12%
ECO Arnaud Bonnet 8e Seine-et-Marne
12%
ECO Benoît Biteau 2e Charente-Maritime
12%
SOC Céline Hervieu 11e Paris
12%
SOC Chantal Jourdan 1re Orne
12%
ECO Charles Fournier 1re Indre-et-Loire
12%
SOC Christian Baptiste 2e Guadeloupe
12%
SOC Christophe Proença 2e Lot
12%
ECO Damien Girard 5e Morbihan
12%
SOC Dominique Potier 5e Meurthe-et-Moselle
12%
GDR Édouard Bénard 3e Seine-Maritime
12%
SOC Elie Califer 4e Guadeloupe
12%
ECO Emmanuel Duplessy 2e Loiret
12%
GDR Emmanuel Maurel 3e Val-d'Oise
12%
SOC Florence Herouin-Léautey 1re Seine-Maritime
12%
SOC Guillaume Garot 1re Mayenne
12%
LFI Idir Boumertit 14e Rhône
12%
SOC Isabelle Santiago 9e Val-de-Marne
12%
ECO Julie Laernoes 4e Loire-Atlantique
12%
SOC Julien Gokel 13e Nord
12%
ECO Julie Ozenne 9e Essonne
12%
SOC Karim Benbrahim 1re Loire-Atlantique
12%
ECO Karim Ben Cheikh 9e Etranger
12%
GDR Karine Lebon 2e Réunion
12%
LFI Laurent Alexandre 2e Aveyron
12%
SOC Laurent Baumel 4e Indre-et-Loire
12%
SOC Laurent Lhardit 2e Bouches-du-Rhône
12%
ECO Léa Balage El 3e Paris
12%
ECO Lisa Belluco 1re Vienne
12%
SOC Marietta Karamanli 2e Sarthe
12%
LFI Mathilde Feld 12e Gironde
12%
LFI Maxime Laisney 10e Seine-et-Marne
12%
ECO Nicolas Bonnet 3e Puy-de-Dôme
12%
ECO Nicolas Thierry 2e Gironde
12%
SOC Pascale Got 5e Gironde
12%
SOC Peio Dufau 6e Pyrénées-Atlantiques
12%
LFI Perceval Gaillard 7e Réunion
12%
SOC Pierrick Courbon 1re Loire
12%
ECO Sabrina Sebaihi 4e Hauts-de-Seine
12%
LFI Sandrine Nosbé 9e Isère
12%
SOC Sébastien Saint-Pasteur 7e Gironde
12%
ECO Steevy Gustave 3e Essonne
12%
SOC Valérie Rossi 2e Hautes-Alpes
12%
SOC Béatrice Bellay 3e Martinique
6%
ECO Boris Tavernier 2e Rhône
6%
SOC Christine Pirès Beaune 2e Puy-de-Dôme
6%
GDR Davy Rimane 2e Guyane
6%
SOC Denis Fégné 2e Hautes-Pyrénées
6%
SOC Estelle Mercier 1re Meurthe-et-Moselle
6%
SOC Fabrice Barusseau 3e Charente-Maritime
6%
SOC Fanny Dombre Coste 3e Hérault
6%
GDR Frédéric Maillot 6e Réunion
6%
SOC Jacques Oberti 10e Haute-Garonne
6%
ECO Jean-Louis Roumégas 1re Hérault
6%
SOC Jiovanny William 1re Martinique
6%
SOC Joël Aviragnet 8e Haute-Garonne
6%
GDR Julien Brugerolles 5e Puy-de-Dôme
6%
GDR Marcellin Nadeau 2e Martinique
6%
SOC Marie-José Allemand 1re Hautes-Alpes
6%
SOC Marie-Noëlle Battistel 4e Isère
6%
ECO Marie Pochon 3e Drôme
6%
SOC Marie Récalde 6e Gironde
6%
GDR Mereana Reid Arbelot 3e Polynésie
6%
SOC Océane Godard 1re Côte-d'Or
6%
SOC Philippe Naillet 1re Réunion
6%
SOC Pierre Pribetich 3e Côte-d'Or
6%
ECO Pouria Amirshahi 5e Paris
6%
SOC Sophie Pantel 1re Lozère
6%
GDR Soumya Bourouaha 4e Seine-Saint-Denis
6%
SOC Stéphane Delautrette 2e Haute-Vienne
6%
SOC Stéphane Hablot 2e Meurthe-et-Moselle
6%
SOC Thierry Sother 3e Bas-Rhin
6%
Aucun quiz correspondant
Distribution des résultats
% des personnes avec chaque résultat
Percentile par nombre de réponses
Votre historique - résultats
Vous n’avez pas pris ce quiz depuis la dernière actualisation